000 00501nam a2200181 4500
001 14010
003 00
005 20220208103946.0
008 00
020 _a0 13 326504 8
040 _cDDC
_beng.
_aDDC
_dDDC
082 _a353.0089
245 _aThe Foreign Policy Process A Modern Primer
_cBloomfield, Lincoln P.
260 _aNew Jersey
_bPrentice-Hall, Inc.
_c1982.
300 _axv, 22.5 cm
504 _aIncludes index.
942 _2ddc
_cCIRC
_h353.0089 BLO
_i14010
999 _c15410
_d15408